000 01169nam a2200265 a 4500
001 000038050
005 20240315194914.0
008 130312s2012 dr abd 001 0 spa d
020 _a9789945869699
040 _aDO-SdBNP
_bspa
_cBNPHU
082 _a332.46
_bR426a
110 1 _aRepública Dominicana.
_bMinisterio de Economía, Planificación y Desarrollo.
_bFondo para el Fomento de la Investigación Económica y Social
_964448
245 1 0 _aApertura comercial y sostenibilidad fiscal /
_cHaroldo Dilla Alfonso ... [et al. ]; prólogo Juan Temístocles Montás ; editor Roberto E. Liz.
260 _aSanto Domingo :
_bFIES,
_c2012.
300 _a582 p. :
_bil., gráfcs., tablas ;
_c25 cm.
500 _aIncluye bibliografía y notas al pie de las páginas.
504 _aBibliografía: p. 561-563.
590 _aInventariado, 2018/MFF
650 4 _aPolítica fiscal
_zRepública Dominicana
_97390
650 4 _aPolítica monetaria
_zRepública Dominicana
_95998
700 1 _aDilla Alfonso, Haroldo
_95199
700 1 _aMontás, Juan Temístocles
_d1950-
_epról.
_979676
700 1 _aLiz, Roberto E.,
_eed.
_937488
910 _aValidado. Control de calidad EMS.
999 _c37540
_d37540